000 00232nam a22000857a 4500
008 161125b xxu||||| |||| 00| 0 eng d
100 _91447
_aCBSE
245 _aEnvironmental education 1-VII TEACHERS GUIDLINES
260 _aDelhi
_bCBSE
_c2005
999 _c4171
_d4171